The economics of solar home heating : a study prepared for the use of the Joint Economic Committee, Congress of the United States.

Bibliographic Details
Corporate Authors: United States. Congress. Joint Economic Committee, ProQuest (Firm)
Format: Government Document eBook
Language:English
Published: Washington : U.S. Govt. Print. Off, 1977.
Series:U.S. Congressional Research.
Subjects:
Online Access:Connect to the full text of this electronic book

MARC

Tag First Indicator Second Indicator Subfields
LEADER 00000cam a22000001a 4500
001 in00003277921
006 m d f
007 cr bn mmmapmmp
008 101011s1977 dcua o f000 0 eng d
005 20260430152643.6
035 |a cis2007810935 
040 |a LexisNexis  |c LexisNexis  |d UtOrBLW 
043 |a n-us--- 
074 |a 1000 
086 0 |a Y 4.Ec 7:So 4 
099 |a CMP-1977-ECJ-0018 
110 1 |a United States.  |b Congress.  |b Joint Economic Committee. 
245 1 4 |a The economics of solar home heating :  |b a study prepared for the use of the Joint Economic Committee, Congress of the United States. 
264 1 |a Washington :  |b U.S. Govt. Print. Off,  |c 1977. 
300 |a 1 online resource. 
336 |a text  |b txt  |2 rdacontent 
337 |a computer  |b c  |2 rdamedia 
338 |a online resource  |b cr  |2 rdacarrier 
500 |a Record is based on bibliographic data in LexisNexis U.S. Congressional Research Digital Collection. Reuse except for individual research requires license from LexisNexis. 
500 |a Electronic resource. 
650 0 |a Solar heating. 
650 0 |a Solar houses. 
655 7 |a Electronic books.  |2 local 
710 2 |a ProQuest (Firm) 
776 0 8 |i Print version:   |a United States. Congress. Joint Economic Committee  |t Economics of solar home heating  |w gp 77009005  |w (OCoLC)02921326 
776 0 8 |i Microfiche version:   |a United States. Congress. Joint Economic Committee  |t Economics of solar home heating  |d [Bethesda, Md.] : LexisNexis Academic & Library Solutions,1977.   |o CIS 77 J842-8  |w (LexisNexis)cis07701876 
830 0 |a U.S. Congressional Research. 
856 4 0 |u http://proxy.library.tamu.edu/login?url=https://congressional.proquest.com/congcomp/getdoc?CRDC-ID=CMP-1977-ECJ-0018  |z Connect to the full text of this electronic book  |t 0 
998 |a cis07701876 
999 |a MARS 
999 f f |s 62a171dd-c274-33a6-b91a-71f669564a05  |i 6a7403b6-e17d-39e4-9ec5-4a86cef9b94f  |t 0 
952 f f |a Texas A&M University  |b College Station  |c Electronic Resources  |s www_evans  |d Available Online  |t 0  |e CMP-1977-ECJ-0018  |h Other scheme 
998 f f |a CMP-1977-ECJ-0018  |t 0  |l Available Online